The grand miracle (Record no. 51247)

MARC details
000 -LEADER
fixed length control field 00489nam a2200181Ia 4500
008 - FIXED-LENGTH DATA ELEMENTS--GENERAL INFORMATION
fixed length control field 191130s1970##################000#0#eng##
020 ## - INTERNATIONAL STANDARD BOOK NUMBER
ISBN 9780345336583
082 ## - DEWEY DECIMAL CLASSIFICATION NUMBER
Classification number 201 LEW
100 ## - MAIN ENTRY--AUTHOR NAME
Personal name Lewis, C. S
245 ## - TITLE STATEMENT
Title The grand miracle
Statement of responsibility, etc C. S. Lewis ; edited by walter Hooper
260 ## - PUBLICATION, DISTRIBUTION, ETC. (IMPRINT)
Place of publication New York
Name of publisher Ballantine Books
Year of publication c1970
300 ## - PHYSICAL DESCRIPTION
Number of Pages 167 p. ; 18 cm.
650 ## - SUBJECT ADDED ENTRY--TOPICAL TERM
Topical Term Religion
991 ## -
-- 84778
Holdings
Withdrawn status Lost status Damaged status Not for loan Home library Current library Shelving location Date acquired Full call number Accession Number Price effective from Koha item type
        Anna Centenary Library Anna Centenary Library 3RD FLOOR, B WING 09.10.2020 201 LEW 378687 09.10.2020 Books

Find us on the map